Online
Catalog

Política social : (Record no. 22486)

MARC details
000 -CABECERA
campo de control de longitud fija 00801nam a2200217 a 4500
001 - NÚMERO DE CONTROL
campo de control 000022989
005 - FECHA Y HORA DE LA ÚLTIMA TRANSACCIÓN
campo de control 20200930021921.0
008 - DATOS DE LONGITUD FIJA--INFORMACIÓN GENERAL
campo de control de longitud fija 101124s1999 ve r 000 | spa d
020 ## - NÚMERO INTERNACIONAL ESTÁNDAR DEL LIBRO
Número Internacional Estándar del Libro 980317150x
040 ## - FUENTE DE LA CATALOGACIÓN
Centro catalogador/agencia de origen DO-SdBNP
Lengua de catalogación spa
Centro/agencia transcriptor BNPHU
049 ## - FONDOS LOCALES (OCLC)
Fondos de biblioteca BNGR
245 10 - MENCIÓN DE TÍTULO
Título Política social :
Resto del título exclusión y Equidad en Venezuela durante los años noventa / coordinadores, Lourdes Alvarez, Helia Isabel del Rosario , Jesús Robles /
Mención de responsabilidad, etc. edicion al cuidado Helena González.
260 ## - PUBLICACIÓN, DISTRIBUCIÓN, ETC.
Lugar de publicación, distribución, etc. Caracas :
Nombre del editor, distribuidor, etc. Nueva Sociedad,
Fecha de publicación, distribución, etc. 1999.
300 ## - DESCRIPCIÓN FÍSICA
Extensión 260 p. ;
Dimensiones 23 cm.
500 ## - NOTA GENERAL
Nota general Incluye notas al pie de páginas
500 ## - NOTA GENERAL
Nota general Incluye lista de autores
700 1# - PUNTO DE ACCESO ADICIONAL--NOMBRE DE PERSONA
Nombre de persona Alvarez, Lourdes
9 (RLIN) 47278
700 1# - PUNTO DE ACCESO ADICIONAL--NOMBRE DE PERSONA
Nombre de persona Rosario, Helia Isabel del
9 (RLIN) 47279
700 1# - PUNTO DE ACCESO ADICIONAL--NOMBRE DE PERSONA
Nombre de persona Robles, Jesús
9 (RLIN) 47280
700 1# - PUNTO DE ACCESO ADICIONAL--NOMBRE DE PERSONA
Nombre de persona González, Helena
Término indicativo de función/relación ed.
9 (RLIN) 19692
Holdings
Estado de retiro Estado de pérdida Restricciones de uso No para préstamo Código de colección Localización permanente Ubicación/localización actual Ubicación en estantería Fecha de adquisición Número de inventario Total de préstamos Signatura topográfica completa Código de barras Fecha visto por última vez Precio válido a partir de Tipo de ítem Koha
      Excluido de préstamo Monografías: Libros y Folletos General General En catalogación 24.11.2010 LF1   22989-10 25.06.2020 25.06.2020 No se presta

Powered by Koha